Tres vidas de mujer : (Record no. 169666)

MARC details
000 -LEADER
campo de control de longitud fija 00636nam a22002055i 4500
001 - NÚMERO DE CONTROL
campo de control 169666
003 - IDENTIFICADOR DE NÚMERO DE CONTROL
campo de control ES-MaACL
005 - FECHA Y HORA DE LA ÚLTIMA TRANSACCIÓN
campo de control 20250607063029.0
008 - DATOS DE LONGITUD FIJA--INFORMACIÓN GENERAL
campo de control de longitud fija 081030s1937 sp |||| | spa d
080 ## - NÚMERO DE LA CLASIFICACIÓN DECIMAL UNIVERSAL
Número de la Clasificación Decimal Universal 821.134.2-32"19"
100 1# - ENTRADA PRINCIPAL--NOMBRE DE PERSONA
Nombre de persona Montseny, Federica,
Fechas asociadas al nombre 1905-1994
9 (RLIN) 240807
245 10 - MENCIÓN DEL TÍTULO
Título Tres vidas de mujer :
Resto del título Una vida ; Sinfonía apasionada ; Ana María /
Mención de responsabilidad, etc. Federica Montseny.
246 3# - FORMA VARIANTE DEL TITULO
Título propio/Titulo breve Sinfonía apasionada
246 3# - FORMA VARIANTE DEL TITULO
Título propio/Titulo breve Ana María
260 ## - PUBLICACIÓN, DISTRIBUCIÓN, ETC.
Lugar de publicación, distribución, etc. Barcelona :
Nombre del editor, distribuidor, etc. [s.n.],
Fecha de publicación, distribución, etc. 1937 (
Fabricante Unió Gràfica)
300 ## - DESCRIPCIÓN FÍSICA
Extensión 296 p. ;
Dimensiones 19 cm.
740 42 - ENTRADA AGREGADA--TÍTULO RELACIONADO/ANALÍTICO NO CONTROLADO
Título relacionado o analítico no controlado Una vida.
852 4# - LOCALIZACIÓN
Ubicación ES-MaACL
Número de control de estantería G-9237
Holdings
Estatus retirado Estado de pérdida Estado de daño No para préstamo Biblioteca de origen Biblioteca actual Ubicación en estantería Fecha de adquisición Fuente de adquisición Total de préstamos Signatura topográfica completa Código de barras Visto por última vez Precio de reemplazo Tipo de ítem Koha
        Biblioteca del Ateneo de Madrid Biblioteca del Ateneo de Madrid Sala Pecera Planta 3 30/10/2008     G-9237 1178123 23/02/2023 23/02/2023 Libro impreso